F1 - 2015 Season - Statistics

General Stats
  • This quiz has been taken 15 times
  • The average score is 64 of 128
Answer Stats
Hint Answer % Correct
Ferrari
91%
Australia
82%
2015 Teams Australian Grand Prix
82%
Carlos Sainz
82%
Germany
82%
Kimi Räikkönen
82%
Max Verstappen
82%
McLaren
82%
Mercedes
82%
Sebastian Vettel
82%
Toro Rosso
82%
UK
82%
Circuit de Spa-Francorchamps
73%
Fernando Alonso
73%
Finland
73%
Japanese Grand Prix
73%
Jenson Button
73%
Lewis Hamilton
73%
Netherlands
73%
Nico Rosberg
73%
Red Bull Racing
73%
Renault
73%
Spain
73%
Spanish Grand Prix
73%
Valtteri Bottas
73%
11
64%
14
64%
3
64%
44
64%
5
64%
6
64%
7
64%
8
64%
Brazil
64%
Brazilian Grand Prix
64%
Canadian Grand Prix
64%
Chinese Grand Prix
64%
Christian Horner
64%
Circuit de Monaco
64%
Claire Williams
64%
Daniel Ricciardo
64%
Force India
64%
France
64%
Lotus
64%
Malaysian Grand Prix
64%
Monaco Grand Prix
64%
Nico Hülkenberg
64%
Sergio Pérez
64%
Toto Wolff
64%
United States Grand Prix
64%
USA
64%
Williams
64%
12
55%
13
55%
19
55%
20
55%
55
55%
77
55%
9
55%
Abu Dhabi Grand Prix
55%
Autodromo Nazionale Monza
55%
Belgian Grand Prix
55%
Felipe Massa
55%
Italian Grand Prix
55%
Mexican Grand Prix
55%
Mexico
55%
Russia
55%
Russian Grand Prix
55%
Singapore Grand Prix
55%
22
45%
26
45%
33
45%
Austrian Grand Prix
45%
Bahrain Grand Prix
45%
Bahrain International Circuit
45%
Circuit de Barcelona-Catalunya
45%
Circuit Gilles-Villeneuve
45%
Daniil Kvyat
45%
Honda
45%
Hungarian Grand Prix
45%
Hungaroring
45%
Marussia
45%
Red Bull Ring
45%
Romain Grosjean
45%
Sauber
45%
Yas Marina Circuit
45%
27
36%
28
36%
53
36%
2015 Calendar Albert Park Grand Prix Circuit
36%
British Grand Prix
36%
Denmark
36%
Felipe Nasr
36%
Franz Tost
36%
Kevin Magnussen
36%
RB11
36%
Sepang International Circuit
36%
Silverstone Circuit
36%
Sochi Autodrom
36%
Suzuka Circuit
36%
98
27%
Autódromo Hermanos Rodríguez
27%
Autódromo José Carlos Pace
27%
Circuit of the Americas
27%
Marcus Ericsson
27%
Marina Bay Street Circuit
27%
SF15-T
27%
Shanghai International Circuit
27%
Sweden
27%
W06
27%
Alexander Rossi
18%
C34
18%
FW37
18%
Maurizio Arrivabene
18%
Pastor Maldonado
18%
Roberto Merhi
18%
Ron Dennis
18%
STR10
18%
Venezuela
18%
Will Stevens
18%
E23
9%
Federico Gastaldi/Gérard López
9%
John Booth
9%
Monisha Kaltenborn
9%
MP4-30
9%
MR03B
9%
Vijay Mallya
9%
VJM08
9%
No matching quizzes found
Score Distribution
Percent of People with Each Score
Percentile by Number Answered
Your Score History
You have not taken this quiz